| 000 | 00436nam a22001577a 4500 | ||
|---|---|---|---|
| 008 | 231002b |||||||| |||| 00| 0 eng d | ||
| 020 | _a0071471782 | ||
| 050 |
_aRD82.3 _b.B43 2011 |
||
| 100 | _aBhatt, Imani | ||
| 245 |
_aFirst Aid for the Anesthesiology Boards/ _cHimani Bhatt |
||
| 260 |
_aNew York _bMcGrawHill _c2011 |
||
| 300 | _avii, 454p. | ||
| 700 | _aPowell, Karlyn J. | ||
| 700 | _aJean, Dominique Aimee | ||
| 942 |
_2lcc _cBK |
||
| 999 |
_c20319 _d20318 |
||